Vyhodnotenie ponuky nájomného bývania v podmienkach Bratislavy diplomová práca

Guardado en:
Detalles Bibliográficos
Autor principal: Mičjanová, Viktória
Autor Corporativo: Národohospodárska fakulta EU. Katedra bankovníctva a medzinárodných financií
Otros Autores: Horvátová, Eva, 1958-
Formato: Libro
Lenguaje:eslovaco
Publicado: Bratislava 2022
Etiquetas: Agregar Etiqueta
Sin Etiquetas, Sea el primero en etiquetar este registro!

MARC

LEADER 00000nbm a2200000 4500
001 0284102
005 20221007144122.7
041 0 |a slo 
044 |a SK 
245 1 0 |a Vyhodnotenie ponuky nájomného bývania v podmienkach Bratislavy  |b diplomová práca  |c Viktória Mičjanová ; školiteľ: Eva Horvátová 
264 1 |a Bratislava  |c 2022 
300 |a 55 s. 
100 1 |a Mičjanová, Viktória 
700 1 |a Horvátová, Eva, 1958- 
710 2 |a Národohospodárska fakulta EU. Katedra bankovníctva a medzinárodných financií